| 000 | 00000nam##2200000za#4500 |
| 001 | 9.641911 |
| 003 | CaOODSP |
| 005 | 20210624223438 |
| 007 | cr ||||||||||| |
| 008 | 150407|2001||||xxc|||||o f|0| 0 fre|d |
| 040 | |aCaOODSP|bfre |
| 043 | |an-cn--- |
| 086 | 1 |aEn4-166/2001F-PDF |
| 110 | 1 |aCanada. |bEnvironnement Canada. |bDirection générale de la vérification et de l'évaluation. |
| 245 | 10|aSuivi de l'examen de la bureautique |h[ressource électronique] |
| 260 | |aGatineau - Québec : |bEnvironnement Canada. |cAvril 2001. |
| 300 | |a8p.|btableaux |
| 590 | |a13-14-Supp|b2013-05-30 |
| 775 | 08|tFollow-up of the review of office technology |w(CaOODSP)9.697925 |
| 856 | 40|ahttp://publications.gc.ca|qPDF|s45 Ko|uhttps://publications.gc.ca/collections/collection_2013/ec/En4-166-2001-fra.pdf |